Normal view MARC view
  • Drawing and Tracing

Entry Topical Term

Number of records used in: 1

001 - CONTROL NUMBER

  • control field: 109183

003 - CONTROL NUMBER IDENTIFIER

  • control field: NUST

005 - DATE AND TIME OF LATEST TRANSACTION

  • control field: 20230217102712.0

008 - FIXED-LENGTH DATA ELEMENTS

  • fixed length control field: 230217|| aca||aabn | a|a d

040 ## - CATALOGING SOURCE

  • Original cataloging agency: NUST
  • Transcribing agency: NUST

150 ## - HEADING--TOPICAL TERM

  • Topical term or geographic name entry element: Drawing and Tracing

670 ## - SOURCE DATA FOUND

  • Source citation: Work cat.: (NUST)183029: Smith H.P 109182, Drawing and Tracing /
© 2023 Central Library, National University of Sciences and Technology. All Rights Reserved.